00573 a2200193 4500008004100000020001800041041000800059082001600067245003500083250001200118260007000130300004300200504002000243650002600263700001900289700002800308700002600336700001700362230731b ||||| |||| 00| 0 eng d a97800710779030 aeng00a519.5bA189 aComplete business statistics / a7th ed. aChennai :bMcGraw Hill Education ( India) Private Limited,c2019. axxvii, 960 p. :bill. ;c23 cm. + 1 CD aIncludes index. 0aCommercial statistics aAczel, Amir D. aSounderpandian, Jayavel aSaravanan, Palanisamy aJoshi, Rohit